| 000 | 00971nam a22002177a 4500 | ||
|---|---|---|---|
| 005 | 20250513113222.0 | ||
| 008 | 250513b |||||||| |||| 00| 0 eng d | ||
| 037 | _cTB | ||
| 040 |
_aCRL _cCRL |
||
| 041 |
_2hin _ahin |
||
| 084 |
_aO152,6x Q7 _qCRL |
||
| 245 | _aझारखंड आंदोलन के दस्तावेज | ||
| 260 |
_aगाज़ियाबाद, भारत: _bनवारुण, _c2017. |
||
| 300 | _a264पृ0 | ||
| 365 |
_b549.00 _cINR |
||
| 650 |
_aहिन्दी साहित्य _9784098 |
||
| 650 |
_aहिन्दी निबंध _9784099 |
||
| 700 |
_aतलवार, वीर भारती _eसंपादक _9784100 |
||
| 942 |
_2CC _cTB _hO152,6x Q7 _n0 |
||
| 999 |
_c1400750 _d1400750 |
||